|
|
|
|
| LEADER |
00000nab a2200000 a 4500 |
| 001 |
vtls000538198 |
| 003 |
SK-MaSNL |
| 005 |
20260319074501.0 |
| 008 |
180130c1994 xo 0 ukr |
| 015 |
|
|
|a SNBRB19rr/mm-uuuuu
|
| 035 |
|
|
|a CL0538336
|
| 040 |
|
|
|a SNKBUCL
|b slo
|c SNKBUCL
|e AACR2
|
| 041 |
0 |
|
|a ukr
|
| 044 |
|
|
|a xo
|c SK
|
| 080 |
|
|
|a 379.826:061.3
|2 1981
|
| 100 |
1 |
|
|a Karško, Andrej,
|d 1938-
|4 aut
|9 13878
|
| 245 |
1 |
0 |
|a Navčannja kerivnykiv kolektyviv
|c Andrij Karško
|
| 300 |
|
|
|b Fotogr. 2
|
| 650 |
0 |
7 |
|a tvorivosť umelecká ľudová
|2 snkbucl
|9 990261
|
| 655 |
|
7 |
|a články z novín a časopisov
|2 snkbucl
|9 267496
|
| 773 |
0 |
|
|t Nove žyttja
|g Roč. 44, č. 13 (1994), s. 2
|
| 850 |
|
|
|a Slovenská národná knižnica v Martine
|a POA001
|
| 852 |
|
|
|a SNK
|b KIS3GCP
|
| 958 |
|
|
|a RK
|
| 958 |
|
|
|a UK
|
| 992 |
|
|
|a RBX
|
| 999 |
|
|
|c 1596901
|d 1598831
|